| 000 | 00390cam a2200157ua 4500 | ||
|---|---|---|---|
| 999 |
_c9740 _d9740 |
||
| 003 | OSt | ||
| 008 | 180915b ||||| |||| 00| 0 eng d | ||
| 082 |
_a631.5871 _bGUP/IR |
||
| 100 |
_aGupta, B L . _93306 |
||
| 245 | _aIrrigation engineering / | ||
| 250 | _a2 / | ||
| 260 |
_aNew Delhi : _bSatya Prakshan , _c1995. |
||
| 300 | _a775 ; . | ||
| 700 | 1 |
_aAmit, Gupta . _93307 |
|
| 942 | _cBK | ||